Movies Quiz

Random Movies Quiz

Last 10 Years: Gary Oldman Quiz Stats

 Plays Quiz not verified by Sporcle

Also try: 5-Star Actresses
Challenge
Share
Tweet
Score 0/21 Timer 17:00
0 Plays Today
% Correct
The Dark Knight Rises
94.3%
The Dark Knight
90.6%
A Christmas Carol
88.7%
Robocop
84.9%
Harry Potter and the Deathly Hallows - Part 2
84.9%
Tinker Tailor Soldier Spy
83%
Kung Fu Panda 2
83%
Harry Potter and the Order of the Phoenix
81.1%
The Space Between Us
52.9%
Dawn of the Planet of the Apes
47.2%
The Book of Eli
45.3%
% Correct
Planet 51
45.3%
Child 44
43.4%
Lawless
37.7%
Red Riding Hood
34%
The Unborn
30.2%
Criminal
20.8%
Paranoia
20.8%
Man Down
15.1%
Rain Fall
7.5%
Guns, Girls and Gamblings
3.8%

You're not logged in!

Compare scores with friends on all Sporcle quizzes.
OR
Log In

You Might Also Like...

Show Comments

Extras

Created Jan 23, 2017ReportNominate
Tags:gary, Gary Oldman, last, starring

Top Quizzes Today


Score Distribution

Your Account Isn't Verified!

In order to create a playlist on Sporcle, you need to verify the email address you used during registration. Go to your Sporcle Settings to finish the process.

Report this User

Report this user for behavior that violates our Community Guidelines.

Details: